LEADER 00884cam0-22003251i-450 001 990005875840403321 005 20170321163443.0 010 $a88-207-2847-8 035 $a000587584 035 $aFED01000587584 035 $a(Aleph)000587584FED01 035 $a000587584 100 $a20000301d1999----km-y0itay50------ba 101 0 $aita 102 $aIT 105 $ay-------001yy 200 1 $aHills and Big Halls$espazialità e scrittura in Henry James$fLudovico Isoldo 210 $aNapoli$cLiguori$d1999 215 $a162 p.$d22 cm 225 1 $aStrumenti 610 0 $aJames, Henry 676 $a813.4$v22$zita 700 1$aIsoldo,$bLudovico$0223590 801 0$aIT$bUNINA$gRICA$2UNIMARC 901 $aBK 912 $a990005875840403321 952 $a813.4 JAMES/S 4$bBibl.30257$fFLFBC 959 $aFLFBC 996 $a"Hills and Big Halls"$9564387 997 $aUNINA LEADER 02991nam 22007092 450 001 9910780068703321 005 20230308181630.0 010 $a1-107-11303-2 010 $a0-511-01762-6 010 $a1-280-41702-1 010 $a9786610417025 010 $a1-139-16396-5 010 $a0-511-17349-0 010 $a0-511-15257-4 010 $a0-511-32758-7 010 $a0-511-05341-X 035 $a(CKB)111056485645156 035 $a(EBL)164759 035 $a(OCoLC)475873582 035 $a(SSID)ssj0000100542 035 $a(PQKBManifestationID)11128271 035 $a(PQKBTitleCode)TC0000100542 035 $a(PQKBWorkID)10036670 035 $a(PQKB)11162166 035 $a(UkCbUP)CR9781139163965 035 $a(Au-PeEL)EBL164759 035 $a(CaPaEBR)ebr10014979 035 $a(CaONFJC)MIL41702 035 $a(MiAaPQ)EBC164759 035 $a(PPN)261359908 035 $a(EXLCZ)99111056485645156 100 $a20111007d1997|||| uy 0 101 0 $aeng 135 $aur||||||||||| 181 $ctxt$2rdacontent 182 $cc$2rdamedia 183 $acr$2rdacarrier 200 10$aAgronomy of grassland systems /$fC.J. Pearson, R.L. Ison 205 $aSecond edition. 210 1$aCambridge :$cCambridge University Press,$d1997. 215 $a1 online resource (xii, 222 pages) $cillustrations, maps; digital, PDF file(s) 300 $aTitle from publisher's bibliographic system (viewed on 05 Oct 2015). 311 0 $a0-521-56889-7 311 0 $a0-521-56010-1 320 $aIncludes bibliographical references (p. 188-217) and index. 327 $aCover; Half-title; Title; Copyright; Contents; Preface; Chapter 1 Overview: perspectives on grassland systems; Chapter 2 The emergence of grassland systems; Chapter 3 Generation; Chapter 4 Vegetative growth; Chapter 5 Flowering and seed production; Chapter 6 Mineral nutrition; Chapter 7 Herbage quality and animal intake; Chapter 8 Grassland...animal interactions and management; Chapter 9 Grassland systems design; References; Index 330 $aThe challenges facing grassland agronomists are becoming increasingly complex, with environmental and ethical issues assuming a greater significance alongside more conventional technical aspects. This new expanded edition, with an increased emphasis on systems thinking, has been revised to reflect current concerns, knowledge and practice. As such it addresses the need for a different approach to grassland agronomy, providing novel and provocative material to instruct, stimulate and enthuse the reader. 606 $aPastures 606 $aGrasses 606 $aRange management 615 0$aPastures. 615 0$aGrasses. 615 0$aRange management. 676 $a633.2/02 700 $aPearson$b C. J.$01560550 702 $aIson$b R. L. 801 0$bUkCbUP 801 1$bUkCbUP 906 $aBOOK 912 $a9910780068703321 996 $aAgronomy of grassland systems$93826631 997 $aUNINA LEADER 05593nam 2200769 450 001 9910814430903321 005 20231110223233.0 010 $a1-118-40303-7 010 $a1-119-94036-2 010 $a1-118-40304-5 035 $a(CKB)2550000001166761 035 $a(EBL)1569021 035 $a(OCoLC)864552198 035 $a(SSID)ssj0001060310 035 $a(PQKBManifestationID)12443514 035 $a(PQKBTitleCode)TC0001060310 035 $a(PQKBWorkID)11087084 035 $a(PQKB)10398582 035 $a(MiAaPQ)EBC1569021 035 $a(Au-PeEL)EBL1569021 035 $a(CaPaEBR)ebr10812045 035 $a(CaONFJC)MIL548139 035 $a(MiAaPQ)EBC7103610 035 $a(Au-PeEL)EBL7103610 035 $a(PPN)183343565 035 $a(EXLCZ)992550000001166761 100 $a20131210d2014 uy 0 101 0 $aeng 135 $aurcnu|||||||| 181 $ctxt 182 $cc 183 $acr 200 14$aThe science of forensic entomology /$fDavid B. Rivers, Gregory A. Dahlem 210 1$aChichester, England :$cWiley Blackwell,$d2014. 210 4$d2014 215 $a1 online resource (402 p.) 225 1 $aNew York Academy of Sciences 300 $aDescription based upon print version of record. 311 $a1-119-94037-0 311 $a1-306-16888-0 320 $aIncludes bibliographical references and index. 327 $aThe Science of Forensic Entomology; Copyright; Contents; About the companion website; Preface; Chapter 1 Role of forensic science in criminal investigations; Overview; The big picture; 1.1 What is forensic science?; 1.2 Application of science to criminal investigations; 1.2.1 Physical evidence; 1.2.2 Collection of evidence; 1.2.3 The scientific method is the key to forensic analyses; 1.2.4 Analysis of physical evidence; 1.3 Recognized specialty disciplines in forensic science; 1.3.1 Forensic pathology; 1.3.2 Forensic anthropology; 1.3.3 Forensic dentistry (odontology) 327 $a1.3.4 Forensic psychology and psychiatry 1.3.5 Forensic toxicology; 1.3.6 Computer forensic science/computer forensics; 1.3.7 Forensic botany; Chapter review; What is forensic science?; Application of science to criminal investigations; Recognized specialty disciplines in forensic science; Test your understanding; Notes; References cited; Supplemental reading; Additional resources; Chapter 2 History of forensic entomology; Overview; The big picture; 2.1 Historical records of early human civilizations suggest understanding of insect biology and ecology 327 $a2.2 Early influences leading to forensic entomology 2.2.1 Thirteenth-century China; 2.2.2 Seventeenth-century Europe; 2.2.3 Eighteenth-century Europe; 2.3 Foundation for discipline is laid through casework, research, war, and public policy; 2.3.1 Casework in Europe; 2.3.2 Influences from the United States; 2.4 Turn of the twentieth century brings advances in understanding of necrophagous insects; 2.5 Forensic entomology during the "great" wars; 2.6 Growth of the discipline due to the pioneering efforts of modern forensic entomologists leads to acceptance by judicial systems and public 327 $aChapter review Historical records of early human civilizations suggest understanding of insect biology and ecology; Early influences leading to forensic entomology; Foundation for discipline is laid through casework, research, war, and public policy; Turn of the twentieth century brings advances in understanding of necrophagous insects; Forensic entomology during the "great" wars; Growth of the discipline due to the pioneering efforts of modern forensic entomologists leads to acceptance by judicial systems and public; Test your understanding; Level 1: knowledge/comprehension 327 $aLevel 2: application/analysis Notes; References cited; Supplemental reading; Additional resources; Chapter 3 Role of insects and other arthropods in urban and stored product entomology; Overview; The big picture; 3.1 Insects and other arthropods are used in civil, criminal, and administrative matters pertinent to the judicial system; 3.2 Civil cases involve disputes over private issues; 3.3 Criminal law involves more serious matters involving safety and welfare of people; 3.4 Administrative law is concerned with rulemaking, adjudication, or enforcement of specific regulatory agendas 327 $a3.5 Stored product entomology addresses issues of both a civil and criminal nature 330 $aThe Science of Forensic Entomology is designed to meet the growing needs of colleges, universities, and forensic investigative agencies in training undergraduates, graduate students, and criminal investigators the principles, concepts and methodologies necessary to use insects and other arthropods in legal matters. The book offers an advanced introduction to the field but also provides in depth discussion of biological concepts associated with insect biology, ecology, physiology and chemical communication. 410 0$aNew York Academy of Sciences 606 $aCarrion insects 606 $aFlies 606 $aForensic entomology 606 $aPostmortem changes 615 0$aCarrion insects. 615 0$aFlies. 615 0$aForensic entomology. 615 0$aPostmortem changes. 676 $a614/.17 700 $aRivers$b David B.$f1966-$01654023 701 $aDahlem$b Gregory A$01654024 801 0$bMiAaPQ 801 1$bMiAaPQ 801 2$bMiAaPQ 906 $aBOOK 912 $a9910814430903321 996 $aThe science of forensic entomology$94005588 997 $aUNINA